000 00351nam a2200121Ia 4500
008 170224s9999 xx 000 0 und d
245 4 _aThe FDA Approves One New Hyperkalemia Drug, Requires Drug Interaction Study for Another
260 _bAmerican Journal of Nursing
260 _c2016
300 _a116:2
500 _aFebruary
650 _xNursing.
999 _c316915
_d316915